Library of the University of Algiers 3
Ibrahim Sultan Cheibout
شعار جامعة الجزائر 3
مكتبة جامعة الجزائر 3
إبراهيم سلطان شيبوط

دراسات في المحاسبة الضريبية : (رقم التسجيلة. 42465)

تفاصيل مارك
000 -LEADER
fixed length control field 02018nam a2200241Ia 4500
003 - CONTROL NUMBER IDENTIFIER
control field Ost
005 - DATE AND TIME OF LATEST TRANSACTION
control field 20260507075037.0
008 - FIXED-LENGTH DATA ELEMENTS--GENERAL INFORMATION
fixed length control field 260507s9999||||xx |||||||||||||| ||und||
040 ## - CATALOGING SOURCE
Transcribing agency fsecg
041 ## - LANGUAGE CODE
Language code of text/sound track or separate title ara
082 ## - DEWEY DECIMAL CLASSIFICATION NUMBER
Classification number 330
100 ## - MAIN ENTRY--PERSONAL NAME
Personal name البديوي، منصور أحمد
Relator term مؤلف
245 #0 - TITLE STATEMENT
Title دراسات في المحاسبة الضريبية :
Remainder of title الضريبة على ارباح شركات الأموال ، الضريبة على أرباح المهن الصناعية و التجارية في لبنان /
Statement of responsibility, etc. منصور أحمد البديوي
260 ## - PUBLICATION, DISTRIBUTION, ETC.
Place of publication, distribution, etc. الاسكندرية:
Name of publisher, distributor, etc. دار المعرفة الجامعية,
Date of publication, distribution, etc. 1999
300 ## - PHYSICAL DESCRIPTION
Extent 584 صفحة؛
Other physical details إيضاحات ؛
Dimensions 24 سم
520 ## - SUMMARY, ETC.
Summary, etc. خصائص الضريبة و شروط سريانها و نطاقها و تحديد وعائها و ربط الضريبة و تحصيلها مع تناول خصائص الضريبة على أرباح المهن الصناعية و التجارية و غير التجارية و شروط خضوع الربح للضريبة على أرباح المهن الصناعية و التجارية و غير التجارية و نطاق الضريبة و الاعفاء عنها ووعاء الضريبة على أرباح المهن الصناعية و التجارية و غير التجارية و الضريبة على أرباح العمليات و قياس أرباح النشاط الجاري بطريقة الربح الحقيقي مع تناول التكاليف واجبة الخصم و التكاليف واجبة الخصم بنص القانون و النفقات و الأعباء التي لا يجيز القانون تنزيلها و اخيرا ترحيل الخسائر و كذا ما يستبعد من الأرباح الصافية لتلافي الازدواج الضريبي.
653 ## - INDEX TERM--UNCONTROLLED
Uncontrolled term الأموال
653 ## - INDEX TERM--UNCONTROLLED
Uncontrolled term الشركات
653 ## - INDEX TERM--UNCONTROLLED
Uncontrolled term الضرائب
653 ## - INDEX TERM--UNCONTROLLED
Uncontrolled term المحاسبة
700 ## - ADDED ENTRY--PERSONAL NAME
Personal name الجمال، محمد رشيد
Relator term مؤلف ثانوي
942 ## - ADDED ENTRY ELEMENTS (KOHA)
Koha item type كتب
المقتنيات
Withdrawn status Lost status Source of classification or shelving scheme Damaged status Not for loan Home library Current library Date acquired Serial enumeration / chronology Inventory number Total checkouts Full call number Barcode Date last seen Price effective from Koha item type
    Dewey Decimal Classification   NOT LOAN / إعارة داخلية مكتبة كلية العلوم الإقتصادية والعلوم التجارية وعلوم التسيير مكتبة كلية العلوم الإقتصادية والعلوم التجارية وعلوم التسيير 07/05/2026 الطابق الأرضي 307/1   أ/307ن1 307/1 07/05/2026 07/05/2026 كتب
    Dewey Decimal Classification   Available مكتبة كلية العلوم الإقتصادية والعلوم التجارية وعلوم التسيير مكتبة كلية العلوم الإقتصادية والعلوم التجارية وعلوم التسيير 07/05/2026 الطابق الأرضي 307/2   أ/307ن2 307/2 07/05/2026 07/05/2026 كتب
    Dewey Decimal Classification   Available مكتبة كلية العلوم الإقتصادية والعلوم التجارية وعلوم التسيير مكتبة كلية العلوم الإقتصادية والعلوم التجارية وعلوم التسيير 07/05/2026 الطابق الأرضي 307/3   أ/307ن3 307/3 07/05/2026 07/05/2026 كتب
    Dewey Decimal Classification   Available مكتبة كلية العلوم الإقتصادية والعلوم التجارية وعلوم التسيير مكتبة كلية العلوم الإقتصادية والعلوم التجارية وعلوم التسيير 07/05/2026 الطابق الثاني 307/4   أ/307ن4 307/4 07/05/2026 07/05/2026 كتب

موارد الويب المفتوحة


© University of Algiers 3 All Rights Reserved
|
Implemented by LECHELAH Riad